| 000 | 00419nam a2200169Ia 4500 | ||
|---|---|---|---|
| 008 | 230524s9999 xx 000 0 und d | ||
| 020 | _a9788131723975 | ||
| 082 |
_a650 _bSHA |
||
| 100 | _aVyuptakesh Sharan | ||
| 245 | 0 | _aFundamentals of Financial Management | |
| 250 | _aIST | ||
| 260 |
_aNEW DELHI _b Pearson _c2006 |
||
| 300 | _aXIV;407 | ||
| 500 | _aQuantity Number: 16 | ||
| 650 | _aManagement | ||
| 942 | _cBK | ||
| 999 |
_c40591 _d40591 |
||